Mort subite : buteurs en finale de coupe du monde de football - Statistiques

Statistiques générales
  • Ce quiz a été pris 126 fois
  • Le résultat moyen est 6 sur 13
Answers on the Grid
Answers color-coded by a green-red scale on the quiz's grid according to % correct below.
Andreas Brehme
Blaise Matuidi
Davor Suker
Di Maria
Dick Nanninga
Genaro Gattuso
Ivan Perisic
Johan Cruyff
Jorge Burruchaga
Karl-Heinz Rummenigge
Kempes
Marco Tardelli
Mario Gotze
Matthias Sammer
Paolo Rossi
Paul Pogba
Philippe Lahm
Romario
Ronaldo Nazario
Zinedine Zidane
 
Statistiques - réponses
Réponse % Correct
Zinedine Zidane
90%
Di Maria
80%
Paul Pogba
80%
Mario Gotze
76%
Ronaldo Nazario
76%
Ivan Perisic
69%
Paolo Rossi
33%
Karl-Heinz Rummenigge
31%
Kempes
24%
Andreas Brehme
21%
Jorge Burruchaga
16%
Marco Tardelli
15%
Dick Nanninga
11%
Aucun quiz correspondant
Distribution des résultats
% des personnes avec chaque résultat
Percentile par nombre de réponses
Votre historique - résultats
Vous n’avez pas pris ce quiz